Olympic gymnastics for schools / (Record no. 126483)

MARC details
000 -LEADER
fixed length control field 00641nam a22002177a 4500
005 - DATE AND TIME OF LATEST TRANSACTION
control field 20170124110010.0
010 ## - LIBRARY OF CONGRESS CONTROL NUMBER
LC control number 580288
020 ## - INTERNATIONAL STANDARD BOOK NUMBER
Terms of availability 00.00
International Standard Book Number 720701740
035 ## - SYSTEM CONTROL NUMBER
System control number 580288
037 ## - SOURCE OF ACQUISITION
Source of stock number/acquisition Cen Lib/Ret
040 ## - CATALOGING SOURCE
Original cataloging agency DPL
Language of cataloging EN
082 ## - DEWEY DECIMAL CLASSIFICATION NUMBER
Classification number 371.73
Item number DUN
100 ## - MAIN ENTRY--PERSONAL NAME
Personal name Dunn, Walter G.
9 (RLIN) 17646
245 ## - TITLE STATEMENT
Title Olympic gymnastics for schools /
Statement of responsibility, etc by Walter G.Dunn
260 ## - PUBLICATION, DISTRIBUTION, ETC. (IMPRINT)
Place of publication, distribution, etc London
Name of publisher, distributor, etc Pehlam Books
Date of publication, distribution, etc 1969
270 ## - ADDRESS
City London
Address 26, Bloomsburry Street
300 ## - PHYSICAL DESCRIPTION
Extent 160p. :
Dimensions 18cm(Hb)
Other physical details ill.
650 ## - SUBJECT ADDED ENTRY--TOPICAL TERM
Topical term or geographic name as entry element Olympic gymnastics.
9 (RLIN) 17647
650 ## - SUBJECT ADDED ENTRY--TOPICAL TERM
Topical term or geographic name as entry element Elementary to advanced exercises.
9 (RLIN) 17648
942 ## - ADDED ENTRY ELEMENTS (KOHA)
Source of classification or shelving scheme Dewey Decimal Classification
Koha item type English Books
Classification part 371.73
Call number suffix DUN
Holdings
Withdrawn status Lost status Damaged status Not for loan Home library Current library Date acquired Source of acquisition Cost, normal purchase price Total Checkouts Full call number Barcode Date last seen Copy number Cost, replacement price Price effective from Koha item type Public note
Written off       Central Library Central Library 25/06/2015 Cen Lib/Ret 0.00   371.73 DUN 580288 25/06/2015 1 0.00 25/06/2015 English Books Written off on approval by DLB (By Circulation); dtd 15-06-2023

© Delhi Public Library
Hit Counter
free hit counter